| 000 | 01380aam a22004091i 4500 | ||
|---|---|---|---|
| 999 |
_c2986 _d2986 |
||
| 001 | 019942965 | ||
| 003 | Uk | ||
| 005 | 20230914102431.0 | ||
| 006 | m || d | | ||
| 007 | cr ||||||||||| | ||
| 008 | 180510s2018 enk o 000 d eng d | ||
| 015 |
_aGBC0E6596 _2bnb |
||
| 020 | _a1786824108 | ||
| 020 |
_z9781786824097 _q(pbk.) |
||
| 037 |
_a9781786824103 _bcodeMantra |
||
| 040 |
_aNLE _beng _cNLE _dUKMGB _dN$T _dYDX _dOCLCF _dOCLCQ _dUKAHL _dRECBK _dUk _dKH8 _erda _epn |
||
| 042 | _aukblsr | ||
| 082 | 0 | 4 |
_a822.92 LAU _223 |
| 100 | 1 |
_aWade, Laura, _eauthor. |
|
| 245 | 1 | 0 |
_aHome, I'm darling / _cLaura Wade. |
| 264 | 1 |
_aLondon : _bOberon Books, _c2018. |
|
| 300 |
_a107 pages ; _c13 cm x 21 cm. |
||
| 336 |
_atext _2rdacontent |
||
| 337 |
_acomputer _2rdamedia |
||
| 338 |
_aonline resource _2rdacarrier |
||
| 490 | 0 | _aOberon Modern Plays | |
| 650 | 0 |
_aMarriage _vDrama. |
|
| 650 | 0 |
_aMan-woman relationships _vDrama. |
|
| 650 | 7 |
_aDRAMA _xEnglish, Irish, Scottish, Welsh. _2bisacsh |
|
| 650 | 7 |
_aMan-woman relationships. _2fast _0(OCoLC)fst01007080 |
|
| 650 | 7 |
_aMarriage. _2fast _0(OCoLC)fst01010443 |
|
| 655 | 4 | _aElectronic books. | |
| 655 | 7 |
_aDrama. _2fast _0(OCoLC)fst01423879 |
|
| 884 |
_aLDL ebooks ONIX to marcxml transformation using Record_Load-eBooks_Legal_Deposit_onix2marc_v2-1.xsl _g20200915 _k9781786824103 _qUk |
||
| 942 |
_2ddc _cTR |
||